| 000 | 01604nam a22004217a 4500 | ||
|---|---|---|---|
| 003 | CHAP | ||
| 005 | 20220329141204.0 | ||
| 008 | 971010s1978 r 00010 d | ||
| 010 | _a64079 | ||
| 011 | _a65051 | ||
| 035 | _a71211 | ||
| 040 | _cCHAP | ||
| 090 | _aTesis | ||
| 100 | 0 | 0 |
_aSalomón Durán, Daniel. _9101784 |
| 245 | _aNecesidades de proteína y metionina para la codorniz en crecimiento (Coturnix coturnix japonica) en dietas semipurificadas a base de pasta de soya con la única fuente protéica | ||
| 260 |
_aChapingo, Méx. : _bEl autor, _c1978 |
||
| 300 |
_a35 h. _b; gráfs. |
||
| 502 | _aTesis (Ing. Agrónomo Esp. en Zootecnia -- ENA. Departamento de Zootecnia | ||
| 590 |
_aALEPH _b10 _c20130110 _lUCH01 _h1349 |
||
| 590 |
_aBATCH-UPD _b10 _c20130109 _lUCH01 _h2320 |
||
| 590 |
_aBATCH-UPD _b10 _c20130110 _lUCH01 _h0255 |
||
| 590 |
_aBATCH-UPD _b10 _c20130110 _lUCH01 _h1849 |
||
| 590 |
_aBATCH-UPD _b10 _c20130409 _lUCH01 _h2326 |
||
| 590 |
_aBATCH-UPD _b10 _c20130410 _lUCH01 _h1603 |
||
| 590 |
_aBATCH-UPD _b10 _c20130914 _lUCH01 _h0956 |
||
| 590 |
_aCONVERSION _b10 _c20130109 _lUCH01 _h1335 |
||
| 650 | 1 | 4 |
_aAminoacidos en nutricion animal. _95342 |
| 650 | 1 | 4 |
_aCodorniz _xNutrición. _924310 |
| 650 | 1 | 4 |
_aMetionina. _975235 |
| 650 | 1 | 4 |
_aPasta de soya. _985904 |
| 710 | 0 |
_aENA. Departamento de Zootecnia. _936706 |
|
| 901 | _aBK | ||
| 942 | _cFOLL | ||
| 949 |
_aS116 _bBC _cTES _d-136401 _eTS1 _i71211 _si |
||
| 949 |
_aS116 _bBC _cTES _d-136402 _eTS2 _fc.2 _i71211 _si |
||
| 949 |
_aS116 _bZ _cTESBD _d-3812 _eTS1 _h654 _i71211 _si |
||
| 949 |
_aS116 _bZ _cTESBD _d-84091 _eTS2 _fc.2 _h655 _i71211 _si |
||
| 999 |
_c64079 _d64079 |
||